000 01207nam a22002297a 4500
003 BD-DhJNU
005 20260512034356.0
008 260512b |||||||| |||| 00| 0 eng d
020 _a9789393833068
040 _aBD-DhJNU
_bBEN
_cBD-DhJNU
_dBD-DhJNU
082 _223
_a555.414
242 _aGeography of Bengal and Jainism /
_cDipankar Parui (Editor)
245 _aবঙ্গের ভূপ্রকৃতি ও জৈনধর্ম /
_c দীপঙ্কর পাড়ুই (সম্পাদনা)
260 _aকলকাতা :
_bখড়ি প্রকাশনী,
_c2022.
300 _a৩৮৪ পৃ. :
_bচিত্র ;
_c২২ সেমি.।
504 _aগ্রন্থপঞ্জিগত নির্দেশিকা ও নিঘন্ট অন্তভূক্ত
650 _aজৈনধর্ম -- পশ্চিমবঙ্গ -- ইতিহাস
650 _aবাংলা -- প্রত্নতাত্ত্বিক নিদর্শন
650 _aভৌগোলিক ধারণা -- ভারত -- ইতিহাস
700 _aপাড়ুই, দীপঙ্কর
_eসম্পাদনা
942 _2ddc
_cBK
_n0
999 _c2786
_d2786